Fast typing - "Little Palm" - Statistics

General Stats
  • This quiz has been taken 5 times
  • The average score is 6 of 10
Answer Stats
Hint Answer % Correct
peek at the earth through a hole while they are carrying you from the garden to the cellar peek at the earth through a hole while they are carrying you from the garden to the cellar
100%
Pretend you are a potato and hide in a sack Pretend you are a potato and hide in a sack
100%
Childhood is falling into snow Childhood is falling into snow
75%
In the end, hop out of the sack when no one is looking: a very small boy. In the end, hop out of the sack when no one is looking: a very small boy.
75%
Mother keeps your baby hair like marker of time: so she can imagine you before and after. Mother keeps your baby hair like marker of time: so she can imagine you before and after.
75%
what is falling Snow, what falls? what is falling Snow, what falls?
75%
Falling into snow falling into snow Falling into snow falling into snow
50%
Falling Into snow Falling falling into snow. Falling Into snow Falling falling into snow.
25%
So small, this palm. So small, this palm.
25%
When does childhood begin and when does it end? When does childhood begin and when does it end?
25%
No matching quizzes found
Score Distribution
Percent of People with Each Score
Percentile by Number Answered
Your Score History
You have not taken this quiz